North Africa & Middle East - Cities, Countries, and Features - Statistics

General Stats
  • This quiz has been taken 21 times
    15 since last reset
  • The average score is 26 of 55
Answer Stats
Picture Answer % Correct
Algeria
69%
Arabian Peninsula
62%
Egypt
62%
Iran
62%
Kuwait City
62%
Libya
62%
Mediterranean Sea
62%
Oman
62%
Persian Gulf
62%
Cairo
54%
Iraq
54%
Israel
54%
Istanbul
54%
Lebanon
54%
Mecca
54%
Morocco
54%
Red Sea
54%
Tunisia
54%
Western Sahara
54%
Abu Dhabi
46%
Algiers
46%
Ankara
46%
Baghdad
46%
Bahrain
46%
Beirut
46%
Cyprus
46%
Damascus
46%
Jerusalem
46%
Jordan
46%
Khartoum
46%
Kuwait
46%
Qatar
46%
Riyadh
46%
Sahara Desert
46%
Saudi Arabia
46%
Strait of Gibraltar
46%
Sudan
46%
Syria
46%
Tehran
46%
Tel Aviv
46%
Tunis
46%
Turkey
46%
United Arab Emirates
46%
Yemen
46%
Amman
38%
Arabian Sea
38%
Gulf of Aden
38%
Muscat
38%
Rabat
38%
Tripoli
38%
Suez Canal
31%
Atlas Mountains
23%
Jordan River
23%
Nile River Delta
15%
Palestinian Territories
15%
No matching quizzes found
Score Distribution
Percent of People with Each Score
Percentile by Number Answered
Your Score History
You have not taken this quiz since the last reset